000 02871cam a2200337 4500500
005 20260111211916.0
041 _afre
042 _adc
100 1 0 _aApouey, Bénédicte
_eauthor
245 0 0 _aQue penser des services exploitant les données de santé ?
260 _c2024.
500 _a39
520 _aDans un contexte d’investissements massifs dans les données de santé, j’utilise une enquête quantitative menée en 2016 auprès de 1 700 adhérents d’une mutuelle pour appréhender les représentations sociales concernant l’usage des données de santé en France. L’enquête capte l’intérêt des adhérents pour différents services innovants de santé, qui seraient éventuellement proposés par la mutuelle et qui utiliseraient leurs données de santé. L’analyse dévoile que les répondants sont à la fois préoccupés par la sécurité de leurs données et intéressés par les services. Un adhérent se montre d’autant plus intéressé que son état de santé est dégradé et que ses inquiétudes pour ses vieux jours sont grandes. De plus, une position sociale moins favorable va de pair avec un intérêt plus fort pour les services, ce qui pourrait refléter l’existence d’inégalités sociales dans l’accès aux technologies de santé.
520 _a‪Against a backdrop of massive investment in health data, this study is based on a quantitative survey conducted in 2016 among 1,700 policyholders of a non-profit insurance company (‪ ‪mutuelle‪‪) to shed light on the prevailing social representations regarding the use of health data in France. The survey measures policyholders’ interest in various innovative services that could be offered by the insurance company and that would make use of their health data. The analysis shows that respondents are both concerned about the security of their data and interested in the services. The worse the respondent’s state of health, and the greater his or her concerns about old age, the greater his or her interest. A lower social position goes hand in hand with greater interest, which could be a sign of social inequalities in access to health technologies.‪
690 _adonnées de santé
690 _adonnées génétiques
690 _ainégalités sociales
690 _aobjets connectés
690 _areprésentations sociales
690 _aservices
690 _asoi quantifié
690 _aconnected objects
690 _agenetic data
690 _ahealth data
690 _aquantified self
690 _aservices
690 _asocial inequalities
690 _asocial representations
786 0 _nRevue européenne des sciences sociales | 62-1 | 1 | 2024-05-23 | p. 129-164 | 0048-8046
856 4 1 _uhttps://shs.cairn.info/revue-europeenne-des-sciences-sociales-2024-1-page-129?lang=fr&redirect-ssocas=7080
999 _c1638431
_d1638431